00744nam a2200241Ia 4500003000900000008004100009040001300050040001300063041000800076100002200084245004400106250001000150260001200160260000900172300001100181300000800192490003200200490000600232600003300238942000700271999001700278952020700295IT-RoPAU120407s9999 xx 000 0 und d aIT-RoPAU cIT-RoPAU afra aOptat de Milève aTraité contre les Donatistes. Tome II aParis aDu Cerf c1996 a268 p. c cm aSources chrètienne n. 413 v1 aTome II: Livres III à VII cBK c30953d30953 00102ddc406276_800000000000000_341371aPAULUSbPAULUSd2012-04-11l0o276.8.3413r2012-04-11 00:00:00w2012-04-11yBKzInserito da: Marisa In data: 04 ottobre 2011 fondo: Via A.Severo 56 Progr:35493